50 Największych Miast Germańskich na mapie - Statystyki

Ogólne statystyki
  • Ten quiz został rozwiązany 33 razy
  • Średni wynik to 40 z 50
Odpowiedzi na mapie
Odpowiedzi zakodowano w zielono-czerwonej skali na mapie do tego quizu, zgodnie z poniższymi procentami.
 
Statystyki odpowiedzi
Państwo Miasto Populacja % Poprawnych
Niemcy Berlin 3,7 mln
100%
Belgia Bruksela 2 mln
100%
Niemcy Hamburg 1,8 mln
100%
Dania Kopenhaga 1,4 mln
100%
Wielka Brytania Londyn 8,7 mln
100%
Norwegia Oslo 720k
100%
Szwecja Sztokholm 1 mln
100%
Austria Wiedeń 2 mln
100%
Niderlandy Amsterdam 1,1 mln
96%
Szwecja Malmo 365k
96%
Wielka Brytania Manchester 470k
96%
Niemcy Monachium 1,5 mln
96%
Szwajcaria Zurych 440k
96%
Wielka Brytania Birmingham 1,1 mln
92%
Niemcy Brema 590k
92%
Wielka Brytania Edynburg 500k
92%
Niemcy Frankfurt 760k
92%
Wielka Brytania Glasgow 630k
92%
Austria Graz 305k
92%
Niderlandy Haga 850k
92%
Niemcy Kolonia 1 mln
92%
Niemcy Dortmund 600k
88%
Niemcy Lipsk 610k
88%
Wielka Brytania Liverpool 510k
88%
Niderlandy Rotterdam 870k
88%
Belgia Antwerpia 990k
85%
Niemcy Drezno 560k
85%
Niemcy Dusseldorf 620k
85%
Szwecja Goteborg 610k
85%
Wielka Brytania Leeds 540k
85%
Niemcy Stuttgart 610k
85%
Niemcy Bonn 320k
77%
Niemcy Hanower 520k
77%
Niemcy Essen 570k
73%
Niemcy Norymberga 530k
73%
Niderlandy Eindhoven 320k
69%
Niemcy Bochum 360k
65%
Wielka Brytania Bristol 425k
65%
Belgia Gandawa 430k
65%
Wielka Brytania Sheffield 500k
65%
Niderlandy Utrecht 400k
65%
Wielka Brytania Leicester 410k
62%
Niemcy Munster 310k
62%
Niemcy Duisburg 500k
58%
Niemcy Mannheim 330k
58%
Niemcy Wuppertal 360k
54%
Niemcy Bielefeld 330k
50%
Niemcy Karlsruhe 310k
50%
Wielka Brytania Coventry 340k
46%
Wielka Brytania Bradford 330k
31%
Nie znaleziono quizów pasujących do podanych kryteriów
Rozkład punktacji
Procent ludzi z każdym wynikiem
Percentyl według liczby udzielonych odpowiedzi
Twoja historia wyników
Nie rozwiązałeś tego quizu